000 00549nam a2200217Ia 4500
003 OSt
005 20250926171019.0
008 210423s2005 xx 000 0 und d
020 _a9788180692123
040 _cAL
041 _aEnglish
082 _a305.231
_bPANK
100 _aPankajam G
_9115233
245 _aKnow your child
260 _aNew Delhi
_bConcept publishing company
_c2005
365 _b450
_cINR
650 _aSocial Groups
_9115234
650 _aSocial Sciences
_9115235
906 _achild ; Know ; your
942 _2ddc
_cBK
999 _c174363
_d174363